| 000 | 01850cam a22005174i 4500 | ||
|---|---|---|---|
| 003 | PE-LiUPU | ||
| 005 | 20250731184533.0 | ||
| 008 | 150623s r 000 0 d | ||
| 020 | _a0924171553 | ||
| 035 | _a(Sirsi) i9780924171550 | ||
| 040 |
_aPE-LiUPU _bspa _cPE-LiUPU _erda |
||
| 049 | _aPRUA | ||
| 082 | 0 | 4 |
_a935 _bT87 _221 |
| 245 | 0 | 0 |
_aTreasures from the royal tombs of Ur / _ceditado por Richard L. Zettler y Lee Horne ; con ensayos de Richard L. Zettler, Donald P. Hansen, Holly Pittman .. [et al.]. |
| 264 | 1 |
_aPhiladelphia, Pennsylvania : _bUniversity of Pennsylvania Museum, _c1988. |
|
| 300 |
_a195 páginas : _bilustraciones láms., fotos ; _c29 centímetros |
||
| 336 |
_atext _2rdacontent |
||
| 337 |
_aunmediated _2rdamedia |
||
| 338 |
_avolume _2rdacarrier |
||
| 504 | _aIncluye bibliografía. | ||
| 505 | 0 | _aEarly dynatic Mesopotamia. -Ur of the Chaldees. -The royal cemetery of Ur. -The burials of a king and queen. -Catalogue. | |
| 526 | _aP136 | ||
| 526 | _aP135 | ||
| 526 | _aP134 | ||
| 526 | _aP133 | ||
| 526 | _aP144 | ||
| 526 | _aP143 | ||
| 526 | _aP87 | ||
| 526 | _aP35 | ||
| 526 | _aP20 | ||
| 526 | _aP14 | ||
| 526 | _aP10 | ||
| 526 | _aP06 | ||
| 650 | 0 | 4 |
_aIrak _xAntigüedades _vExposiciones |
| 650 | 0 | 4 |
_aUr (ciudad extinta) _vExposiciones. |
| 700 | 1 | _aHansen, Donald P. | |
| 700 | 1 | _aHorne, Lee | |
| 700 | 1 | _aPittman, Holly. | |
| 700 | 1 |
_aZettler, Richard L., _d1949- |
|
| 942 |
_2ddc _cBOOK |
||
| 949 |
_a935 T87 _wDEWEY _c1 _i47195 _lCCODEBUL1 _mBUL _r0 _sY _tBOOK _u2015-6-24 _xTEOLOGIA _PP35 _0COMPRA _o.STAFF. Colección General |
||
| 994 |
_aC0 _bPEPRU |
||
| 596 | _a1 | ||
| 999 |
_a935 T87 _wDEWEY _c23746 _i47195 _f2021-11-11 _g5 _lCCODEBUL1 _mBUL _r0 _sY _tBOOK _u2015-6-24 _xTEOLOGIA _PP35 _0COMPRA _o.STAFF. Colección General _d23746 |
||
| 980 |
_81 _gALBERTO SANCHEZ Responsable de Automatización |
||